000 00507cam a2200181 4500500
005 20251228094945.0
041 _afre
042 _adc
100 1 0 _aVieira, António
_eauthor
245 0 0 _aO festim
260 _c2013.
500 _a69
520 _aConte inédit
520 _aAn unpublished story
520 _aConto inédito
786 0 _nSigila | 31 | 1 | 2013-03-01 | p. 121-125 | 1286-1715
856 4 1 _uhttps://shs.cairn.info/revue-sigila-2013-1-page-121?lang=fr&redirect-ssocas=7080
999 _c1605205
_d1605205